[Event "FICGS class C 000136 email"]
[Site "FICGS email"]
[Date "2010.01.30"]
[Round "1"]
[White "Iszar, Moch"]
[Black "Abbas, Ahmed"]
[Result "1-0"]
[WhiteElo "1800"]
[BlackElo "1800"]
[PlyCount "65"]
[EventDate "2010.??.??"]
[EventType "tourn (corr)"]
[EventRounds "5"]
[SourceTitle "Corr 2013"]
[Source "ChessBase"]
[SourceDate "2012.11.12"]
[SourceVersion "1"]
[SourceVersionDate "2012.11.12"]
[SourceQuality "1"]

1. d4 Nf6 2. c4 e6 3. Nc3 Bb4 4. Bg5 h6 5. Bh4 c5 6. d5 Bxc3+ 7. bxc3 d6 8. e3 e5 9. Bd3 e4 10. Bc2 Qe7 11. Bxf6 Qxf6 12. Ne2 Bf5 13. Qb1 0-0 14. Bxe4 Bxe4 15. Qxe4 Nd7 16. 0-0 Rfe8 17. Qc2 Ne5 18. Qb3 Qh4 19. Qxb7 Qxc4 20. Ng3 g6 21. Qb3 h5 22. Qxc4 Nxc4 23. h4 Re7 24. e4 Rb8 25. Rab1 Reb7 26. Rxb7 Rxb7 27. f4 Rb2 28. Rf2 Rb1+ 29. Kh2 Rc1 30. Re2 Rxc3 31. f5 a5 32. Nf1 a4 33. Ng3 1-0

[Event "FICGS class C 000136 email"]
[Site "FICGS email"]
[Date "2010.01.30"]
[Round "1"]
[White "Iszar, Moch"]
[Black "Romanazzi, Dante Horacio"]
[Result "1-0"]
[WhiteElo "1800"]
[BlackElo "1783"]
[PlyCount "61"]
[EventDate "2010.??.??"]
[EventType "tourn (corr)"]
[EventRounds "5"]
[SourceTitle "Corr 2013"]
[Source "ChessBase"]
[SourceDate "2012.11.12"]
[SourceVersion "1"]
[SourceVersionDate "2012.11.12"]
[SourceQuality "1"]

1. d4 d5 2. c4 c6 3. Nf3 e6 4. e3 Bb4+ 5. Bd2 Bxd2+ 6. Nbxd2 Ne7 7. Bd3 f5 8. 0-0 0-0 9. Ne5 Nd7 10. Ndf3 Nxe5 11. Nxe5 g5 12. Qh5 g4 13. cxd5 Qe8 14. Qxe8 Rxe8 15. d6 Ng6 16. d7 Bxd7 17. Nxd7 Kf7 18. Nc5 Re7 19. Rac1 h5 20. Bc4 b6 21. Nxe6 a5 22. Nc7+ Kf6 23. Nxa8 Rb7 24. Bd3 Rb8 25. Rxc6+ Kg5 26. Rfc1 Rxa8 27. Rxb6 Ne7 28. Rc7 Nd5 29. Rg7+ Kh4 30. g3+ Kh3 31. Bf1# 1-0

[Event "FICGS class C 000136 email"]
[Site "FICGS email"]
[Date "2010.01.30"]
[Round "1"]
[White "Piantadosi, Angelo"]
[Black "Iszar, Moch"]
[Result "0-1"]
[WhiteElo "1771"]
[BlackElo "1800"]
[PlyCount "42"]
[EventDate "2010.??.??"]
[EventType "tourn (corr)"]
[EventRounds "5"]
[SourceTitle "Corr 2013"]
[Source "ChessBase"]
[SourceDate "2012.11.12"]
[SourceVersion "1"]
[SourceVersionDate "2012.11.12"]
[SourceQuality "1"]

1. e4 c5 2. c3 d5 3. exd5 Qxd5 4. d4 e6 5. Nf3 Nf6 6. Be2 Nc6 7. 0-0 cxd4 8. cxd4 Be7 9. Nc3 Qd6 10. Nb5 Qd8 11. Bf4 Nd5 12. Rc1 Nxf4 13. Bc4 Bf6 14. b3 a6 15. Nc3 Bxd4 16. Nxd4 Nxd4 17. Qg4 g5 18. Rcd1 b5 19. Bd3 b4 20. Ne4 f5 21. Nxg5 fxg4 0-1

[Event "FICGS class C 000136 email"]
[Site "FICGS email"]
[Date "2010.01.30"]
[Round "1"]
[White "Prie, Eric"]
[Black "Iszar, Moch"]
[Result "1-0"]
[WhiteElo "1726"]
[BlackElo "1800"]
[PlyCount "41"]
[EventDate "2010.??.??"]
[EventType "tourn (corr)"]
[EventRounds "5"]
[SourceTitle "Corr 2013"]
[Source "ChessBase"]
[SourceDate "2012.11.12"]
[SourceVersion "1"]
[SourceVersionDate "2012.11.12"]
[SourceQuality "1"]

1. e4 c5 2. Nf3 Nc6 3. d4 cxd4 4. Nxd4 Nf6 5. Nc3 e5 6. Ndb5 d6 7. Bg5 a6 8. Na3 Be7 9. Nc4 0-0 10. a4 Bg4 11. f3 Be6 12. Bxf6 Bxf6 13. Nd5 Bxd5 14. Qxd5 Nd4 15. 0-0-0 b5 16. Nxd6 Qc7 17. Rxd4 exd4 18. axb5 axb5 19. Nxb5 Ra1+ 20. Kd2 Rc8 21. Nxc7 1-0

[Event "FICGS class B 000099 email"]
[Site "FICGS email"]
[Date "2010.01.29"]
[Round "1"]
[White "Tronchere, Laurent"]
[Black "Iszar, Moch"]
[Result "1-0"]
[WhiteElo "1800"]
[BlackElo "1800"]
[PlyCount "53"]
[EventDate "2010.??.??"]
[EventType "tourn (corr)"]
[EventRounds "1"]
[SourceTitle "Corr 2013"]
[Source "ChessBase"]
[SourceDate "2012.11.12"]
[SourceVersion "1"]
[SourceVersionDate "2012.11.12"]
[SourceQuality "1"]

1. e4 c5 2. Nf3 Nc6 3. d4 cxd4 4. Nxd4 Nf6 5. Nc3 e5 6. Ndb5 d6 7. Bg5 a6 8. Na3 b5 9. Bxf6 gxf6 10. Nd5 Bg7 11. Bd3 Be6 12. 0-0 f5 13. Qh5 f4 14. c4 bxc4 15. Bxc4 0-0 16. Rac1 h6 17. Nxf4 exf4 18. Bxe6 Ne7 19. Bb3 Bxb2 20. Qxh6 f3 21. Rcd1 Bxa3 22. Rd3 Rb8 23. Rxf3 Rxb3 24. Rxb3 Re8 25. Qg5+ Ng6 26. Qxd8 Rxd8 27. Rxa3 1-0